<?xml version="1.0" encoding="UTF-8"?>
<record
    xmlns:xsi="http://www.w3.org/2001/XMLSchema-instance"
    xsi:schemaLocation="http://www.loc.gov/MARC21/slim http://www.loc.gov/standards/marcxml/schema/MARC21slim.xsd"
    xmlns="http://www.loc.gov/MARC21/slim">

  <leader>00478nam a22001937a 4500</leader>
  <controlfield tag="003">3228</controlfield>
  <controlfield tag="005">20250722095734.0</controlfield>
  <controlfield tag="008"> eng </controlfield>
  <datafield tag="020" ind1=" " ind2=" ">
    <subfield code="a">9780008468309</subfield>
    <subfield code="q">pbk</subfield>
  </datafield>
  <datafield tag="040" ind1=" " ind2=" ">
    <subfield code="a">RDA</subfield>
    <subfield code="c">3228</subfield>
  </datafield>
  <datafield tag="041" ind1=" " ind2=" ">
    <subfield code="2">E</subfield>
  </datafield>
  <datafield tag="082" ind1=" " ind2=" ">
    <subfield code="a">823 ORWE</subfield>
  </datafield>
  <datafield tag="100" ind1=" " ind2=" ">
    <subfield code="a">Orwell, George</subfield>
    <subfield code="9">125567</subfield>
  </datafield>
  <datafield tag="245" ind1=" " ind2=" ">
    <subfield code="a">Animal Farm</subfield>
    <subfield code="c">George Orwell</subfield>
    <subfield code="h">English</subfield>
  </datafield>
  <datafield tag="260" ind1=" " ind2=" ">
    <subfield code="a">London</subfield>
    <subfield code="b">HarperCollins</subfield>
    <subfield code="c">2021</subfield>
  </datafield>
  <datafield tag="300" ind1=" " ind2=" ">
    <subfield code="a">122 pages</subfield>
    <subfield code="c">17 cm</subfield>
  </datafield>
  <datafield tag="942" ind1=" " ind2=" ">
    <subfield code="w">6786</subfield>
    <subfield code="x">Chimezie Obi</subfield>
    <subfield code="y">923</subfield>
    <subfield code="z">Itumeleng Itswene</subfield>
  </datafield>
  <datafield tag="942" ind1=" " ind2=" ">
    <subfield code="2">ddc</subfield>
    <subfield code="c">BOOK</subfield>
  </datafield>
  <datafield tag="999" ind1=" " ind2=" ">
    <subfield code="c">771897</subfield>
    <subfield code="d">771896</subfield>
  </datafield>
  <datafield tag="952" ind1=" " ind2=" ">
    <subfield code="0">0</subfield>
    <subfield code="1">0</subfield>
    <subfield code="2">ddc</subfield>
    <subfield code="4">0</subfield>
    <subfield code="7">0</subfield>
    <subfield code="8">800</subfield>
    <subfield code="a">MBOMRL</subfield>
    <subfield code="b">MBOML</subfield>
    <subfield code="c">GEN</subfield>
    <subfield code="d">2025-01-31</subfield>
    <subfield code="g">122.14</subfield>
    <subfield code="o">821.912 ORWE</subfield>
    <subfield code="p">3322803165474</subfield>
    <subfield code="r">2025-01-31</subfield>
    <subfield code="w">2025-01-31</subfield>
    <subfield code="y">BOOK</subfield>
  </datafield>
  <datafield tag="952" ind1=" " ind2=" ">
    <subfield code="0">0</subfield>
    <subfield code="1">0</subfield>
    <subfield code="2">ddc</subfield>
    <subfield code="4">0</subfield>
    <subfield code="7">0</subfield>
    <subfield code="8">800</subfield>
    <subfield code="a">MBOMRL</subfield>
    <subfield code="b">KAMHL</subfield>
    <subfield code="c">GEN</subfield>
    <subfield code="d">2025-02-19</subfield>
    <subfield code="g">122.14</subfield>
    <subfield code="o">821.912 ORWE</subfield>
    <subfield code="p">3322803165587</subfield>
    <subfield code="r">2025-02-19</subfield>
    <subfield code="w">2025-02-19</subfield>
    <subfield code="y">BOOK</subfield>
  </datafield>
  <datafield tag="952" ind1=" " ind2=" ">
    <subfield code="0">0</subfield>
    <subfield code="1">0</subfield>
    <subfield code="2">ddc</subfield>
    <subfield code="4">0</subfield>
    <subfield code="7">0</subfield>
    <subfield code="8">800</subfield>
    <subfield code="a">MBOMRL</subfield>
    <subfield code="b">KAMHL</subfield>
    <subfield code="c">GEN</subfield>
    <subfield code="d">2025-02-19</subfield>
    <subfield code="g">122.14</subfield>
    <subfield code="o">821.912 ORWE</subfield>
    <subfield code="p">3322803165549</subfield>
    <subfield code="r">2025-02-19</subfield>
    <subfield code="w">2025-02-19</subfield>
    <subfield code="y">BOOK</subfield>
  </datafield>
  <datafield tag="952" ind1=" " ind2=" ">
    <subfield code="0">0</subfield>
    <subfield code="1">0</subfield>
    <subfield code="2">ddc</subfield>
    <subfield code="4">0</subfield>
    <subfield code="7">0</subfield>
    <subfield code="8">800</subfield>
    <subfield code="a">MBOMRL</subfield>
    <subfield code="b">KABOL</subfield>
    <subfield code="c">GEN</subfield>
    <subfield code="d">2025-02-25</subfield>
    <subfield code="g">122.14</subfield>
    <subfield code="o">822.33 ORWE</subfield>
    <subfield code="p">3322803165409</subfield>
    <subfield code="r">2025-02-25</subfield>
    <subfield code="w">2025-02-25</subfield>
    <subfield code="y">BOOK</subfield>
  </datafield>
  <datafield tag="952" ind1=" " ind2=" ">
    <subfield code="0">0</subfield>
    <subfield code="1">0</subfield>
    <subfield code="2">ddc</subfield>
    <subfield code="4">0</subfield>
    <subfield code="7">0</subfield>
    <subfield code="8">800</subfield>
    <subfield code="a">MBOMRL</subfield>
    <subfield code="b">BARBL</subfield>
    <subfield code="c">GEN</subfield>
    <subfield code="d">2025-03-03</subfield>
    <subfield code="g">122.14</subfield>
    <subfield code="o">821.912 ORWE</subfield>
    <subfield code="p">33228031155810</subfield>
    <subfield code="r">2025-03-03</subfield>
    <subfield code="w">2025-03-03</subfield>
    <subfield code="y">BOOK</subfield>
  </datafield>
  <datafield tag="952" ind1=" " ind2=" ">
    <subfield code="0">0</subfield>
    <subfield code="1">0</subfield>
    <subfield code="2">ddc</subfield>
    <subfield code="4">0</subfield>
    <subfield code="7">0</subfield>
    <subfield code="8">800</subfield>
    <subfield code="a">MBOMRL</subfield>
    <subfield code="b">EMJIL</subfield>
    <subfield code="c">GEN</subfield>
    <subfield code="d">2025-03-03</subfield>
    <subfield code="g">122.14</subfield>
    <subfield code="o">821. 912 ORWE</subfield>
    <subfield code="p">3322803165076</subfield>
    <subfield code="r">2025-03-03</subfield>
    <subfield code="w">2025-03-03</subfield>
    <subfield code="y">BOOK</subfield>
  </datafield>
  <datafield tag="952" ind1=" " ind2=" ">
    <subfield code="0">0</subfield>
    <subfield code="1">0</subfield>
    <subfield code="2">ddc</subfield>
    <subfield code="4">0</subfield>
    <subfield code="7">0</subfield>
    <subfield code="8">800</subfield>
    <subfield code="a">MBOMRL</subfield>
    <subfield code="b">MATPL</subfield>
    <subfield code="c">GEN</subfield>
    <subfield code="d">2025-04-09</subfield>
    <subfield code="g">122.14</subfield>
    <subfield code="o">812.912 ORWE</subfield>
    <subfield code="p">3322803165329</subfield>
    <subfield code="r">2025-04-09</subfield>
    <subfield code="w">2025-04-09</subfield>
    <subfield code="y">BOOK</subfield>
  </datafield>
  <datafield tag="952" ind1=" " ind2=" ">
    <subfield code="0">0</subfield>
    <subfield code="1">0</subfield>
    <subfield code="2">ddc</subfield>
    <subfield code="4">0</subfield>
    <subfield code="7">0</subfield>
    <subfield code="8">800</subfield>
    <subfield code="a">MBOMRL</subfield>
    <subfield code="b">MATPL</subfield>
    <subfield code="c">GEN</subfield>
    <subfield code="d">2025-04-09</subfield>
    <subfield code="g">122.14</subfield>
    <subfield code="l">0</subfield>
    <subfield code="o">812.912 ORWE</subfield>
    <subfield code="p">3322803177575</subfield>
    <subfield code="r">2025-04-09</subfield>
    <subfield code="w">2025-04-09</subfield>
    <subfield code="y">BOOK</subfield>
  </datafield>
  <datafield tag="952" ind1=" " ind2=" ">
    <subfield code="0">0</subfield>
    <subfield code="1">0</subfield>
    <subfield code="2">ddc</subfield>
    <subfield code="4">0</subfield>
    <subfield code="7">0</subfield>
    <subfield code="8">800</subfield>
    <subfield code="a">MBOMRL</subfield>
    <subfield code="b">KAMAL</subfield>
    <subfield code="c">GEN</subfield>
    <subfield code="d">2025-04-09</subfield>
    <subfield code="g">122.14</subfield>
    <subfield code="o">821.912 ORWE</subfield>
    <subfield code="p">3322803165531</subfield>
    <subfield code="r">2025-04-09</subfield>
    <subfield code="w">2025-04-09</subfield>
    <subfield code="y">BOOK</subfield>
  </datafield>
  <datafield tag="952" ind1=" " ind2=" ">
    <subfield code="0">0</subfield>
    <subfield code="1">0</subfield>
    <subfield code="2">ddc</subfield>
    <subfield code="4">0</subfield>
    <subfield code="7">0</subfield>
    <subfield code="a">LYDEL</subfield>
    <subfield code="b">LEROL</subfield>
    <subfield code="d">2025-05-05</subfield>
    <subfield code="l">0</subfield>
    <subfield code="o">821.912 ORWE</subfield>
    <subfield code="p">3322803185158</subfield>
    <subfield code="r">2025-05-05</subfield>
    <subfield code="w">2025-05-05</subfield>
    <subfield code="y">BOOK</subfield>
  </datafield>
  <datafield tag="952" ind1=" " ind2=" ">
    <subfield code="0">0</subfield>
    <subfield code="1">0</subfield>
    <subfield code="2">ddc</subfield>
    <subfield code="4">0</subfield>
    <subfield code="7">0</subfield>
    <subfield code="8">800</subfield>
    <subfield code="a">MBOMRL</subfield>
    <subfield code="b">MBUZL</subfield>
    <subfield code="c">GEN</subfield>
    <subfield code="d">2025-06-27</subfield>
    <subfield code="g">122.14</subfield>
    <subfield code="o">821.912 ORWE</subfield>
    <subfield code="p">33228031155664</subfield>
    <subfield code="r">2025-06-27</subfield>
    <subfield code="w">2025-06-27</subfield>
    <subfield code="y">BOOK</subfield>
  </datafield>
  <datafield tag="952" ind1=" " ind2=" ">
    <subfield code="0">0</subfield>
    <subfield code="1">0</subfield>
    <subfield code="2">ddc</subfield>
    <subfield code="4">0</subfield>
    <subfield code="7">0</subfield>
    <subfield code="8">800</subfield>
    <subfield code="a">MBOMRL</subfield>
    <subfield code="b">MASOL</subfield>
    <subfield code="c">GEN</subfield>
    <subfield code="d">2025-07-07</subfield>
    <subfield code="g">122.14</subfield>
    <subfield code="o">821. 912 ORWE</subfield>
    <subfield code="p">3322803164905</subfield>
    <subfield code="r">2025-07-07</subfield>
    <subfield code="w">2025-07-07</subfield>
    <subfield code="y">BOOK</subfield>
  </datafield>
  <datafield tag="952" ind1=" " ind2=" ">
    <subfield code="0">0</subfield>
    <subfield code="1">0</subfield>
    <subfield code="2">ddc</subfield>
    <subfield code="4">0</subfield>
    <subfield code="7">0</subfield>
    <subfield code="8">800</subfield>
    <subfield code="a">MBOMRL</subfield>
    <subfield code="b">MATSL</subfield>
    <subfield code="c">GEN</subfield>
    <subfield code="d">2025-07-16</subfield>
    <subfield code="g">122.14</subfield>
    <subfield code="o">821.912 ORWE</subfield>
    <subfield code="p">33228031155663</subfield>
    <subfield code="r">2025-07-16</subfield>
    <subfield code="w">2025-07-16</subfield>
    <subfield code="y">BOOK</subfield>
  </datafield>
  <datafield tag="952" ind1=" " ind2=" ">
    <subfield code="0">0</subfield>
    <subfield code="1">0</subfield>
    <subfield code="2">ddc</subfield>
    <subfield code="4">0</subfield>
    <subfield code="7">0</subfield>
    <subfield code="8">800</subfield>
    <subfield code="a">MBOMRL</subfield>
    <subfield code="b">SOMUL</subfield>
    <subfield code="c">GEN</subfield>
    <subfield code="d">2025-07-18</subfield>
    <subfield code="g">122.14</subfield>
    <subfield code="o">821.912 ORWE</subfield>
    <subfield code="p">3322803165197</subfield>
    <subfield code="r">2025-07-18</subfield>
    <subfield code="w">2025-07-18</subfield>
    <subfield code="y">BOOK</subfield>
  </datafield>
  <datafield tag="952" ind1=" " ind2=" ">
    <subfield code="0">0</subfield>
    <subfield code="1">0</subfield>
    <subfield code="2">ddc</subfield>
    <subfield code="4">0</subfield>
    <subfield code="7">0</subfield>
    <subfield code="8">800</subfield>
    <subfield code="a">MBOMRL</subfield>
    <subfield code="b">WHITL</subfield>
    <subfield code="c">GEN</subfield>
    <subfield code="d">2025-07-18</subfield>
    <subfield code="g">122.14</subfield>
    <subfield code="o">821.912 ORWE</subfield>
    <subfield code="p">33228031155665</subfield>
    <subfield code="r">2025-07-18</subfield>
    <subfield code="w">2025-07-18</subfield>
    <subfield code="y">BOOK</subfield>
  </datafield>
  <datafield tag="952" ind1=" " ind2=" ">
    <subfield code="0">0</subfield>
    <subfield code="1">0</subfield>
    <subfield code="2">ddc</subfield>
    <subfield code="4">0</subfield>
    <subfield code="7">0</subfield>
    <subfield code="8">800</subfield>
    <subfield code="a">MBOMRL</subfield>
    <subfield code="b">EMTFL</subfield>
    <subfield code="c">GEN</subfield>
    <subfield code="d">2025-07-24</subfield>
    <subfield code="g">122.14</subfield>
    <subfield code="o">823 ORWE</subfield>
    <subfield code="p">3322803164997</subfield>
    <subfield code="r">2025-07-24</subfield>
    <subfield code="w">2025-07-24</subfield>
    <subfield code="y">BOOK</subfield>
  </datafield>
  <datafield tag="952" ind1=" " ind2=" ">
    <subfield code="0">0</subfield>
    <subfield code="1">0</subfield>
    <subfield code="2">ddc</subfield>
    <subfield code="4">0</subfield>
    <subfield code="7">0</subfield>
    <subfield code="8">800</subfield>
    <subfield code="a">MBOMRL</subfield>
    <subfield code="b">NELSL</subfield>
    <subfield code="c">GEN</subfield>
    <subfield code="d">2025-09-05</subfield>
    <subfield code="g">122.14</subfield>
    <subfield code="o">823 ORWE</subfield>
    <subfield code="p">3322803165258</subfield>
    <subfield code="r">2025-09-05</subfield>
    <subfield code="w">2025-09-05</subfield>
    <subfield code="y">BOOK</subfield>
  </datafield>
  <datafield tag="952" ind1=" " ind2=" ">
    <subfield code="0">0</subfield>
    <subfield code="1">0</subfield>
    <subfield code="2">ddc</subfield>
    <subfield code="4">0</subfield>
    <subfield code="7">0</subfield>
    <subfield code="8">800</subfield>
    <subfield code="a">MBOMRL</subfield>
    <subfield code="b">NELSL</subfield>
    <subfield code="c">GEN</subfield>
    <subfield code="d">2025-09-05</subfield>
    <subfield code="g">122.14</subfield>
    <subfield code="o">823 ORWE</subfield>
    <subfield code="p">3322803165263</subfield>
    <subfield code="r">2025-09-05</subfield>
    <subfield code="w">2025-09-05</subfield>
    <subfield code="y">BOOK</subfield>
  </datafield>
  <datafield tag="952" ind1=" " ind2=" ">
    <subfield code="0">0</subfield>
    <subfield code="1">0</subfield>
    <subfield code="2">ddc</subfield>
    <subfield code="4">0</subfield>
    <subfield code="7">0</subfield>
    <subfield code="8">800</subfield>
    <subfield code="a">MBOMRL</subfield>
    <subfield code="b">NELSL</subfield>
    <subfield code="c">GEN</subfield>
    <subfield code="d">2025-09-05</subfield>
    <subfield code="g">122.14</subfield>
    <subfield code="o">823 ORWE</subfield>
    <subfield code="p">3322803165257</subfield>
    <subfield code="r">2025-09-05</subfield>
    <subfield code="w">2025-09-05</subfield>
    <subfield code="y">BOOK</subfield>
  </datafield>
  <datafield tag="952" ind1=" " ind2=" ">
    <subfield code="0">0</subfield>
    <subfield code="1">0</subfield>
    <subfield code="2">ddc</subfield>
    <subfield code="4">0</subfield>
    <subfield code="7">0</subfield>
    <subfield code="8">800</subfield>
    <subfield code="a">MBOMRL</subfield>
    <subfield code="b">ZWELL</subfield>
    <subfield code="c">GEN</subfield>
    <subfield code="d">2025-09-25</subfield>
    <subfield code="g">122.14</subfield>
    <subfield code="o">823 ORWE</subfield>
    <subfield code="p">3322803165217</subfield>
    <subfield code="r">2025-09-25</subfield>
    <subfield code="w">2025-09-25</subfield>
    <subfield code="y">BOOK</subfield>
  </datafield>
  <datafield tag="952" ind1=" " ind2=" ">
    <subfield code="0">0</subfield>
    <subfield code="1">0</subfield>
    <subfield code="2">ddc</subfield>
    <subfield code="4">0</subfield>
    <subfield code="7">0</subfield>
    <subfield code="8">800</subfield>
    <subfield code="a">MBOMRL</subfield>
    <subfield code="b">MALEL</subfield>
    <subfield code="c">GEN</subfield>
    <subfield code="d">2025-10-03</subfield>
    <subfield code="g">122.14</subfield>
    <subfield code="o">823 ORWE</subfield>
    <subfield code="p">3322803165043</subfield>
    <subfield code="r">2025-10-03</subfield>
    <subfield code="w">2025-10-03</subfield>
    <subfield code="y">BOOK</subfield>
  </datafield>
  <datafield tag="952" ind1=" " ind2=" ">
    <subfield code="0">0</subfield>
    <subfield code="1">0</subfield>
    <subfield code="2">ddc</subfield>
    <subfield code="4">0</subfield>
    <subfield code="7">0</subfield>
    <subfield code="8">800</subfield>
    <subfield code="a">MBOMRL</subfield>
    <subfield code="b">KABOL</subfield>
    <subfield code="c">GEN</subfield>
    <subfield code="d">2025-10-07</subfield>
    <subfield code="g">122.00</subfield>
    <subfield code="l">0</subfield>
    <subfield code="o">823 ORWE</subfield>
    <subfield code="p">3228200071504</subfield>
    <subfield code="r">2025-10-07</subfield>
    <subfield code="w">2025-10-07</subfield>
    <subfield code="y">BOOK</subfield>
  </datafield>
  <datafield tag="952" ind1=" " ind2=" ">
    <subfield code="0">0</subfield>
    <subfield code="1">0</subfield>
    <subfield code="2">ddc</subfield>
    <subfield code="4">0</subfield>
    <subfield code="7">0</subfield>
    <subfield code="8">800</subfield>
    <subfield code="a">LYDEL</subfield>
    <subfield code="b">MASHL</subfield>
    <subfield code="c">Non_Fiction</subfield>
    <subfield code="d">2025-10-31</subfield>
    <subfield code="o">821.912 ORWE</subfield>
    <subfield code="p">3322803184508</subfield>
    <subfield code="r">2025-10-31</subfield>
    <subfield code="w">2025-10-31</subfield>
    <subfield code="y">BOOK</subfield>
  </datafield>
</record>
